| 000 | 00479nam a2200181Ia 4500 | ||
|---|---|---|---|
| 003 | GCL | ||
| 008 | 140319s9999 xx 000 0 eng d | ||
| 040 |
_aGCL / _cGCL |
||
| 082 | 0 | 4 |
_a418.007 _bN R |
| 100 | 1 | _aNUNAN, DAVID | |
| 245 | 1 | 0 |
_aRESEARCH METHODS IN LANGUAGE LEARNING / _cNUNAN, DAVID |
| 260 |
_a[S.N] : _bCAMBRIBGE UNIVERSITY PRESS ، _c1992 |
||
| 300 | _a245 P | ||
| 650 | 0 | 4 | _aSTUDY AND TEACHING |
| 650 | 0 | 4 | _aMETHODOLOGY |
| 650 | 0 | 4 | _aLANGUAGES |
| 942 |
_2ddc _cBK |
||
| 999 |
_c17830 _d17830 |
||